Περιβαλλοντική εκπαίδευση στα εγχειρίδια της γλώσσας του δημοτικού σχολείου : διπλωματική εργασία [μεταπτυχιακή εργασία]
Αποθηκεύτηκε σε:
| Κύριος συγγραφέας: | |
|---|---|
| Συγγραφή απο Οργανισμό/Αρχή: | |
| Άλλοι συγγραφείς: | |
| Μορφή: | Thesis Βιβλίο |
| Γλώσσα: | Greek |
| Δημοσίευση: |
2015.
|
| Θέματα: | |
| Διαθέσιμο Online: | http://hdl.handle.net/11610/15888 |
| Ετικέτες: |
Προσθήκη ετικέτας
Δεν υπάρχουν, Καταχωρήστε ετικέτα πρώτοι!
|
MARC
| LEADER | 00000cam a2200000 a 4500 | ||
|---|---|---|---|
| 001 | 1/109721 | ||
| 008 | 160122s2015####gr | ||| |||| ||gre|| | ||
| 040 | |a GR-MyUa |b gre |c GR-MyUa |e AACR2 | ||
| 041 | 0 | |a gre | |
| 082 | 7 | |a 372.357 |2 (23) | |
| 100 | 1 | |a Μυλωνάς, Αλέξανδρος Αθ. | |
| 245 | 1 | 0 | |a Περιβαλλοντική εκπαίδευση στα εγχειρίδια της γλώσσας του δημοτικού σχολείου : |b διπλωματική εργασία [μεταπτυχιακή εργασία] / |c Μυλωνάς Αλέξανδρος ; επιβλέπουσα καθηγήτρια Ξανθάκου Ποτίτσα. |
| 260 | |c 2015. | ||
| 300 | |a 140 σ. : |b πίν. ; |c 30 εκ. | ||
| 502 | |a Διατριβή (μεταπτυχιακή) – Πανεπιστήμιο Αιγαίου, Ρόδος, 2015. | ||
| 504 | |a Βιβλιογραφία: σ. 127-140. | ||
| 506 | 1 | |a Διάθεση μόνο λέξεων κλειδιών-περιλήψεων. | |
| 650 | 0 | |a Environmental education |x Study and teaching (Elementary) | |
| 650 | 0 | |a Textbooks |z Greece. | |
| 650 | 0 | |a Education |z Greece. | |
| 650 | 0 | |a Greek language, Modern |x Study and teaching (Elementary) | |
| 700 | 1 | |a Ξανθάκου, Γιώτα Π. |e dgsf | |
| 710 | 2 | |a Πανεπιστήμιο Αιγαίου. |b Σχολή Ανθρωπιστικών Επιστημών. |b Τμήμα Επιστημών της Προσχολικής Αγωγής και του Εκπαιδευτικού Σχεδιασμού. |b Πρόγραμμα Μεταπτυχιακών Σπουδών Περιβαλλοντική Εκπαίδευση. | |
| 852 | |a INST |b RHODES |c DIATR |e 20160122 |h 372.357 ΜΥΛ |p 005400038217 |q 005400038217 |t MTXE |y 23 | ||
| 856 | |u http://hdl.handle.net/11610/15888 | ||
| 924 | |a Μυλωνάς |b Αλέξανδρος |y Ρόδος |z 2015-11 | ||
| 970 | |z 22-01-2016 | ||